000 00676cam a22002413a 4500
001 18272
003 PGUSA
005 20140828083405.0
008 060427s2006||||xxu|||||s|||||000 p eng d
040 _aPGUSA
_beng
042 _adc
050 4 _aPT
100 1 _aTavaststjerna, Karl August,
_d1860-1898
245 1 0 _aValikoima runoelmia
_h[electronic resource] /
_cKarl August Tavaststjerna
260 _bProject Gutenberg,
_c2006
506 _aPublic domain in the USA.
516 _aElectronic text
653 _aPoetry
700 1 _aJuva, Valter,
_d1865-1922
830 0 _aProject Gutenberg
_v18272
856 4 0 _uhttp://www.gutenberg.org/ebooks/18272
942 _cEB
999 _c247527
_d247527